Name the Roller Coaster - Statistics

General Stats
  • This quiz has been taken 105 times
  • The average score is 8 of 12
Answer Stats
Picture Answer % Correct
ArieForce One
91%
Fury 325
83%
Skyrush
73%
Wildcat's Revenge
72%
The Big Apple Coaster
67%
TMNT Shellraiser
64%
Tornado
63%
Rock n' Rollercoaster
53%
Jolly Rancher Remix
52%
Sandy's Blasting Bronco
50%
Candymonium
48%
The oath of Karnan
41%
No matching quizzes found
Score Distribution
Percent of People with Each Score
Percentile by Number Answered
Your Score History
You have not taken this quiz